000 00830nas a2200265 4500
001 BR9209001
003 BR-BrBNA
005 20231205093209.0
007 ta
008 230509b bl.|||p| |||| 00| 00por d
040 _aBR-BrBNA
_bpor
_cBiblioteca Nacional de Agricultura
041 _a(Pt)
072 _aK50
100 1 _aCarneiro, M.G.
100 1 _aFerraz, E.S. de B.
100 1 _aTomazello Filho, M.
245 1 _aObtencao de composto madeira-plastico. Polimerizacao de metacrilato de metila em madeira de Pinus strobus var. chiapensis atraves de radiacao gama
650 _aPINHEIRO
650 _aMADEIRA
650 _aPLASTICO
650 _aRAIO GAMA
773 0 _tIPEF (Brazil)
_xISSN 0100-4557
_g(Dec 1984), (no. 28) p. 41-44
_wBR9209001
909 _a202311
_bLúcia
_c55
_dLúcia Elande
942 _2AGRIS
_n0
_cANA
999 _c136795
_d136795